000 00380nam a22001577a 4500
003 MPLRDC
005 20220104145953.0
008 210129b ||||| |||| 00| 0 eng d
082 _a220.7 CHO
100 _aTHUBTEN CHODRON
245 _a开阔心, 清净心
_c涂炳忠译
260 _a
_b光明山
_c1999
300 _b
650 _a佛教杂论
942 _cBK
_o220.7 CHO
999 _c51621
_d51611